| 000 | 00568nam a2200193 a 4500 | ||
|---|---|---|---|
| 003 | BD-DhJNU | ||
| 005 | 20250708071141.0 | ||
| 008 | 250708b |||||||| |||| 00| 0 eng d | ||
| 020 | _a9780415361392 | ||
| 040 |
_aBD-DhJNU _bENG _cBD-DhJNU _dBD-DhJNU |
||
| 082 |
_a791.43 VIF _223 |
||
| 100 | _aVillarejo, Amy | ||
| 245 |
_aFilm studies : _bthe basics / _cAmy Villarejo |
||
| 260 |
_aNew York : _bRoutledge, _c2009. |
||
| 300 |
_avii, 171 p. : _bill. ; _c24 cm. |
||
| 504 | _aIncludes bibliographical references and index. | ||
| 650 | _aFilm Studies | ||
| 942 |
_cBK _2ddc |
||
| 999 |
_c1877 _d1877 |
||